000
00435nam a2200133Ia 4500
008
100328s9999 xx 000 0 und d
082
_b
12005
100
_a
ताबे मनोहर भास्कर
245
_a
वडिलांच्या सेवेसी
260
_b
---
630
_a
वडिलांच्या सेवेसी
730
_a
वडिलांच्या सेवेसी
942
_c
BOOK
999
_c
507301
_d
507298